| 000 | 01110nam a22003137a 4500 | ||
|---|---|---|---|
| 001 | 7219 | ||
| 003 | FISKH | ||
| 005 | 20250703090558.0 | ||
| 008 | 250703b cb ||||| |||| 00| 0 eng d | ||
| 020 | _a9780590227155 | ||
| 040 |
_aFISKH _beng _cFISKH _dFISKH |
||
| 050 | _aPZ7.C86964 E | ||
| 082 | _a510 | ||
| 100 | _aCristaldi, Kathryn | ||
| 245 |
_aEven Steven and Odd Todd / _cBy Kathryn Cristaldi ; Illustrated by Henry B. Morehouse |
||
| 250 | _aThis edition first published in 2008 | ||
| 260 |
_aNew York : _bScholastic, _c1996 |
||
| 300 |
_a37 unnumbered pages : _bcolor illustrations ; _c23 cm |
||
| 490 |
_aLevel reader _v# 3 |
||
| 505 | _aG | ||
| 520 | _aThe arrival of Cousin Odd Todd greatly upsets Even Steven who likes everything to come in even numbers, his pets, his library books, and even his pancakes. Includes an activities and games section. | ||
| 521 | 8 |
_a410
_bLexile |
|
| 521 | 8 |
_aG
_bRaz-Plus |
|
| 650 |
_2Easy reader _aNumbers |
||
| 650 |
_2Realistic fiction _aPicture book |
||
| 700 |
_aB.Morehouse, Henry _dillustrator |
||
| 942 |
_2ddc _cBK _n0 |
||
| 999 |
_c7219 _d7219 |
||